Transfer inovácií špecializovaný elektronický časopis zameraný na vedecko-technické výstupy grantových a podnikových inovačných stratégií

Vedecko-technické výstupy grantových a podnikových inovačných stratégií. Transfer modernej technológie, postupy inovačného procesu a realizácia inovácií. Využitie tejto možnosti je vhodné pre rozmermi malú a vysoko otvorenú ekonomiku akou je slovenská.

Saved in:
Bibliographic Details
Format: Serial
Language:Slovak
Czech
English
German
Published: Košice Ústav manažmentu, priemyslu a digitálneho inžinierstva a Katedra automobilovej výroby
Subjects:
Tags: Add Tag
No Tags, Be the first to tag this record!

MARC

LEADER 00000nls$a2200000$$$4500
001 0117338
005 20260113105207.7
022 |a 1337-7094 
041 0 |a slo 
041 0 |a cze 
041 0 |a eng 
041 0 |a ger 
044 |a SK 
245 1 0 |a Transfer inovácií  |b špecializovaný elektronický časopis zameraný na vedecko-technické výstupy grantových a podnikových inovačných stratégií 
264 1 |a Košice  |b Ústav manažmentu, priemyslu a digitálneho inžinierstva a Katedra automobilovej výroby 
500 |a špecializovaný elektronický časopis zameraný na vedecko-technické výstupy grantových a podnikových inovačných stratégií 
520 |a Vedecko-technické výstupy grantových a podnikových inovačných stratégií. Transfer modernej technológie, postupy inovačného procesu a realizácia inovácií. Využitie tejto možnosti je vhodné pre rozmermi malú a vysoko otvorenú ekonomiku akou je slovenská. 
610 2 0 |a transfer inovácií 
610 2 0 |a efektívnosť inovácií 
610 2 0 |a stratégia inovačná 
610 2 0 |a Slovensko